Statistics for Consonant features on the IPA chart

Click here to take the quiz!

General Stats

  • This quiz has been taken 127 times
  • The average score is 13 of 19

Answer Stats

HintAnswer% Correct
[m̥] [m] [ɱ] [n̼] [n̥] [n] [ɳ̊] [ɳ] [ɲ̊] [ɲ] [ŋ̊] [ŋ] [ɴ]nasal
92%
[ɸ] [β] [f] [v] [θ̼] [ð̼] [θ] [ð] [θ̠] [ð̠] [ɹ̠̊˔] [ɹ̠˔] [ɻ˔] [ç] [ʝ] [x] [ɣ] [χ] [ʁ] [ħ] [ʕ] [h] [ɦ]fricative
91%
[m̥] [m] [p] [b] [ɸ] [β] [ⱱ̟] [ʙ̥] [ʙ]bilabial
86%
[θ] [ð]dental
86%
[n̥] [n] [t] [d] [s] [z] [θ̠] [ð̠] [ɹ] [ɾ̥] [ɾ] [r̥] [r] [ɬ] [ɮ] [l] [ɺ̥] [ɺ]alveolar
83%
[p] [b] [p̪] [b̪] [t̼] [d̼] [t] [d] [ʈ] [ɖ] [c] [ɟ] [k] [ɡ] [q] [ɢ] [ʡ] [ʔ]plosive
83%
[ʔ] [h] [ɦ] [ʔ̞]glottal
80%
[ɱ] [p̪] [b̪] [f] [v] [ʋ] [ⱱ]labiodental
78%
[ʙ̥] [ʙ] [r̥] [r] [ɽ̊r̥] [ɽr] [ʀ̥] [ʀ] [ʜ] [ʢ]trill
72%
[ŋ̊] [ŋ] [k] [ɡ] [x] [ɣ] [ɰ] [ʟ̝̊] [ʟ̝] [ʟ] [ʟ̆]velar
72%
[ɴ] [q] [ɢ] [χ] [ʁ] [ɢ̆] [ʀ̥] [ʀ] [ʟ̠]uvular
71%
[ɲ̊] [ɲ] [c] [ɟ] [ɕ] [ʑ] [ç] [ʝ] [j] [ʎ̝̊] [ʎ̝] [ʎ] [ʎ̆]palatal
69%
[ⱱ̟] [ⱱ] [ɾ̼] [ɾ̥] [ɾ] [ɽ̊] [ɽ] [ɢ̆] [ʡ̆]tap
66%
[ʋ] [ɹ] [ɻ] [j] [ɰ] [ʔ̞]approximant
57%
[ʃ] [ʒ] [ɹ̠̊˔] [ɹ̠˔]post-alveolar
56%
[ɳ̊] [ɳ] [ʈ] [ɖ] [ʂ] [ʐ] [ɻ˔] [ɻ] [ɽ̊] [ɽ] [ɽ̊r̥] [ɽr] [ɭ̊˔] [ɭ˔] [ɭ] [ɭ̥̆] [ɭ̆]retroflex
56%
[ʡ] [ħ] [ʕ] [ʡ̆] [ʜ] [ʢ]pharyngeal
55%
[s] [z] [ʃ] [ʒ] [ʂ] [ʐ] [ɕ] [ʑ]sibilant
43%
[n̼] [t̼] [d̼] [θ̼] [ð̼] [ɾ̼]linguolabial
31%

Score Distribution

Percentile by Number Answered

Percent of People with Each Score

Your Score History

You have not taken this quiz